Riconosci lo Stato - Quiz n°54 - Statistics

Statistiche generali
  • Questo quiz è stato fatto 25 volte
  • Il punteggio medio è 12 su 13
Statistiche sulle risposte
Indizio Risposta % Corretto
Indipendenza dalla Francia il 28 novembre 1960
100%
Presidente della Repubblica Mohamed Ould Ghazouani
95%
Iniziale della Capitale N
95%
Fuso Orario UTC+0
95%
Primo ministro Mohamed Ould Bilal
91%
Valuta Ouguiya
91%
ISU 0,556
86%
Superficie 1 030 700 km²
86%
Tasso di crescita 2,323%
86%
PIL (nominale) 3 939 milioni di $ (2012)
86%
Popolazione 4 614 974 ab.
86%
Forma di Governo Repubblica islamica semipresidenziale
86%
Risposta Mauritania
82%
Nessun quiz corrispondente trovato
Distribuzione punteggi
Percentuale di utenti per punteggio
Percentile per numero di risposta
I tuoi punteggi nel tempo
Non hai fatto questo quiz